Statistics for Bohemian Rhapsody Lyrics

Click here to take the quiz!

General Stats

  • This quiz has been taken 117,682 times
    (117,578 since last reset)
  • The average score is 38 of 46

Answer Stats

Lyrics % Correct
Open your {eyes}
98%
Is this just {fantasy}?
97%
Pulled my trigger, now he's {dead}
97%
Is this the real {life}?
96%
{Easy} come, {easy} go, will you let me go?
96%
Because I'm {easy} come, {easy} go
96%
Put a gun against his {head}
96%
I'm just a {poor} boy
95%
Mama, just {killed} a man
94%
No {escape} from reality
94%
Didn't mean to make you {cry}
94%
Mama, life had just {begun}
93%
{To} {me}
92%
Doesn't really matter {to} {me}, {to} {me}
92%
{Little} high, {little} low
92%
Mama, oooooooh (Anyway the {wind} {blows})
91%
Any way the {wind} {blows}...
91%
If I'm not back again this time {tomorrow}
90%
He's just a poor boy from a poor {family}
90%
I sometimes wish I'd never been {born} at all
90%
I'm just a poor boy nobody {loves} me
88%
Sends {shivers} down my spine
88%
{Carry} {on}, {carry} {on} as if nothing really matters
87%
Caught in a {landslide}
86%
Look up to the {skies} and see
86%
I need no {sympathy}
84%
{Nothing} really matters
84%
But now I've gone and {thrown} it all away
84%
I don't want to {die}
83%
Thunderbolt and lightning, very, very {frightening} me
82%
{Goodbye}, everybody - I've got to go
81%
Too {late}, my time has come
80%
Body's {aching} all the time
78%
So you think you can love me and {leave} me to die
78%
Scaramouch, Scaramouch, will you do the {Fandango}
78%
I see a little {silhouetto} of a man
75%
Just gotta get out, just gotta get right outta {here}
75%
Gotta leave you all behind and face the {truth}
74%
So you think you can stone me and {spit} in my eye
69%
Oh, {baby}, can't do this to me, {baby}
67%
(Galileo) Galileo (Galileo) Galileo, Galileo {Figaro}
66%
{Spare} him his life from this monstrosity
64%
{Anyone} can see
64%
Beelzebub has a {devil} put aside for me! For me! For me!!
61%
(Oh {Mama} {mia}, {Mama} {mia}) {Mama} {mia}, let me go
58%
{Magnifico}-o-o-o-o
55%

Score Distribution

Percentile by Number Answered

Percent of People with Each Score

Your Score History

You have not taken this quiz since the last reset